000 00767cam a2200265 i 4500
003 DO-SdBPMS
005 20241107102742.0
008 100514s1980 sp || 000 f spa
015 _a
017 _a
_b
020 _a8432203777
035 _a
040 _aBPMSU
_bspa
_cBPMSU
_e
080 _a
082 4 _a892.7
_bM379t 1980
_222
100 1 _aMartín-Santos, Luis,
_d1924-1964.
_e
_b
245 1 0 _aTiempo de silencio :
_bNovela /
_c Luis Martín-Santos.
260 _aBarcelona :
_bEditorial Seix Barral,
_c1980
300 _a295 p. :
_c23 cm
500 _aIncluye datos biográficos del autor en la contracubierta
590 _6Inventariado, 2022/VM
650 4 _a Novela marroquí
910 _aVMateo V. Control de calidad. BPMSU
942 _2ddc
_cBK
999 _c14850
_d14850